000 00600nam a2200217Ii 4500
001 9620
003 CO-ViMGA
008 241108s9999||||xx |||||||||||||| ||und||
020 _a8437215247
040 _aCO-ViMGA
_bspa
_erda
_cCO-ViMGA
041 0 _aspa
084 _aC LOB5g
100 1 _aAnita Lobel
_944820
245 1 0 _aEl gallo y la gallina van a ser reyes
264 1 _aMadrid, EspaƱa : Altea, 1981
300 _avolumen
336 _atext
_btxt
_2rdacontent
337 _aunmediated
_bn
_2rdamedia
338 _avolume
_bnc
_2rdacarrier
940 _aidficha_siabuc: 9406. -- ficha_no_siabuc:9620
999 _c39287
_d39287